ا و ر ما :نا و ل (Record no. 87809)

MARC details
000 -LEADER
fixed length control field 01232nam a22002777a 4500
005 - DATE AND TIME OF LATEST TRANSACTION
control field 20170324123502.0
008 - FIXED-LENGTH DATA ELEMENTS--GENERAL INFORMATION
fixed length control field 140714b xxu||||| |||| 00| 0 Urdu d
010 ## - LCCN (DPL NO)
LC control number UR-8543 B-548303 B-665942
020 ## - INTERNATIONAL STANDARD BOOK NUMBER
Terms of availability 99.00
International Standard Book Number 9789361029558
035 ## - SYSTEM CONTROL NUMBER
System control number U-7098 B-548303 B-665942
037 ## - SOURCE OF ACQUISITION
Source of stock number/acquisition BPPD/Publishers/Venders
037 ## - SOURCE OF ACQUISITION
Source of stock number/acquisition DBAD/Pub.
037 ## - SOURCE OF ACQUISITION
Source of stock number/acquisition Star Publications(Vend.)/Arshia Publications(Pub.)
040 ## - CATALOGING SOURCE
Original cataloging agency DPL
Language of cataloging Urdu
082 ## - DEWEY DECIMAL CLASSIFICATION NUMBER
Classification number ن
100 ## - MAIN ENTRY--PERSONAL NAME
Personal name د يبا سليم عر فا ن
245 ## - TITLE STATEMENT
Title ا و ر ما :نا و ل
Statement of responsibility, etc د يبا سليم عر فا ن
246 ## - VARYING FORM OF TITLE
Title proper/short title Urma (Novel)
Remainder of title byDeeba Saleem Irfan
260 ## - PUBLICATION, DISTRIBUTION, ETC. (IMPRINT)
Name of publisher, distributor, etc Arshia Publictions
-- Star Publications.( Vender)
Date of publication, distribution, etc 2012
260 ## - PUBLICATION, DISTRIBUTION, ETC. (IMPRINT)
Place of publication, distribution, etc 4/5Asaf Ali Road,New Delhi-110002
270 ## - ADDRESS
Address A-170,Ground Floor, 3,Surya Apartment, Dilshad Colony,
City دھلی
Postal code 110095
Telephone number 9971775969
300 ## - PHYSICAL DESCRIPTION
Extent 218ص
Dimensions 22Cm(Pb)
942 ## - ADDED ENTRY ELEMENTS (KOHA)
Source of classification or shelving scheme Dewey Decimal Classification
Item type Urdu Bks
Call number suffix د ی ب
Classification part ن
Holdings
Withdrawn status Lost status Source of classification or shelving scheme Damaged status Not for loan Collection code Home library Current library Date acquired Source of acquisition Cost, normal purchase price Total Checkouts Full call number Barcode Date last seen Copy number Cost, replacement price Koha item type
    Dewey Decimal Classification     Fiction Ashok Vihar Ashok Vihar 24/03/2017 BPPD/UR/2014-15/AV/16-17/657/SP/2267/27.2.17/8.3.17 99.00 1 ن د ی ب B-665942 24/08/2022 1 99.00 Urdu Bks
    Dewey Decimal Classification     Fiction Central Library Central Library 17/12/2014 BPPD/UR/2014-15/127/1.8.14/SP/3597/6.8.14/2.9.14 99.00   ن د ی ب B-548303 17/12/2014 1 99.00 Urdu Bks
    Dewey Decimal Classification   Not For Loan Fiction D.B.Act.Division D.B.Act.Division 30/01/2015 DBAD/PUB 99.00   ن د ی ب U-7098 30/01/2015 1 99.00 Urdu Bks

© Delhi Public Library
Hit Counter
free hit counter